[Event "Chigorin Memorial 08th"]
[Site "St Petersburg"]
[Date "2000.11.01"]
[Round "2"]
[White "Purtov, Andrei"]
[Black "Yezersky, Vladimir"]
[Result "1-0"]
[WhiteElo "2450"]
[BlackElo "2266"]
[PlyCount "95"]
[EventDate "2000.10.31"]
[EventType "swiss"]
[EventRounds "9"]
[EventCountry "RUS"]
[SourceTitle "EXT 2001"]
[Source "ChessBase"]
[SourceDate "2000.11.22"]
[SourceVersion "1"]
[SourceVersionDate "2000.11.22"]
[SourceQuality "1"]

1. e4 c5 2. Nc3 Nc6 3. Nge2 e5 4. Nd5 Nce7 5. Nec3 Nxd5 6. Nxd5 Nf6 7. Nxf6+ Qxf6 8. Bc4 Qg6 9. 0-0 Be7 10. f4 exf4 11. d3 0-0 12. Bxf4 d6 13. e5 dxe5 14. Bxe5 Be6 15. Bxe6 Qxe6 16. Bc3 Bg5 17. Kh1 Qd5 18. Qg4 g6 19. Rae1 Rae8 20. Qa4 Qc6 21. Qxc6 bxc6 22. b3 f5 23. g3 Be3 24. Kg2 Bd4 25. Bd2 Kf7 26. Kf3 Rxe1 27. Rxe1 Rd8 28. Re2 Rd7 29. Bg5 Bc3 30. h3 Bd4 31. Kg2 Bg7 32. Kf1 Bc3 33. Kf2 Bg7 34. Ke1 Bc3+ 35. Kf1 Bd4 36. Re1 Bc3 37. Re2 Bd4 38. Rg2 Bg7 39. Ke2 Bc3 40. Rf2 Bd4 41. Rf4 h6 42. Bxh6 Re7+ 43. Kf1 Be3 44. Rh4 g5 45. Ra4 Kg6 46. Bf8 Re8 47. Bd6 Kf6 48. Rc4 1-0

[Event "Petrov Memorial op"]
[Site "St Petersburg"]
[Date "1996.??.??"]
[Round "5"]
[White "Zakharevich, Igor"]
[Black "Yezersky, Vladimir"]
[Result "1/2-1/2"]
[WhiteElo "2435"]
[BlackElo "2280"]
[PlyCount "83"]
[EventDate "1996.02.??"]
[EventType "swiss"]
[EventRounds "9"]
[EventCountry "RUS"]
[SourceTitle "CBM 052"]
[Source "ChessBase"]
[SourceDate "1996.06.01"]
[SourceVersion "1"]
[SourceVersionDate "1996.06.01"]
[SourceQuality "1"]

1. d4 Nf6 2. c4 g6 3. Nc3 Bg7 4. e4 d6 5. Be2 0-0 6. Bg5 Nbd7 7. Qd2 c6 8. f3 a6 9. Nh3 b5 10. Nf2 bxc4 11. Bxc4 c5 12. dxc5 Nxc5 13. 0-0 Bb7 14. Rac1 Rc8 15. Qe2 Qc7 16. b4 Ne6 17. Bxe6 fxe6 18. e5 dxe5 19. Na4 Qd6 20. Nc5 Rb8 21. Nxb7 Rxb7 22. a3 Qb6 23. Be3 Qb5 24. Qxb5 axb5 25. Rc6 Ra8 26. Bc1 Nd5 27. Ne4 Rc7 28. Rc5 Rac8 29. Rd1 Bf6 30. Kf2 Rxc5 31. bxc5 Bg7 32. Rd3 Nf6 33. Be3 Nd5 34. Rb3 Nc7 35. Bd2 Ra8 36. g4 Kf7 37. Bb4 Ra6 38. Ke2 Ke8 39. Rd3 Nd5 40. Kd1 h6 41. Ke2 Kd7 42. Bd2 1/2-1/2

[Event "St Petersburg op"]
[Site "St Petersburg"]
[Date "1993.??.??"]
[Round "?"]
[White "Yagupov, Igor"]
[Black "Yezersky, Vladimir"]
[Result "1-0"]
[WhiteElo "2425"]
[BlackElo "2325"]
[PlyCount "51"]
[EventDate "1993.10.??"]
[EventType "swiss"]
[EventRounds "9"]
[EventCountry "RUS"]
[SourceTitle "TD"]
[Source "ChessBase"]
[SourceDate "1994.03.01"]
[SourceVersion "1"]
[SourceVersionDate "1994.03.01"]
[SourceQuality "1"]

1. e4 c5 2. Nf3 e6 3. d4 cxd4 4. Nxd4 Nf6 5. Nc3 d6 6. g4 a6 7. g5 Nfd7 8. Be3 b5 9. a3 Bb7 10. h4 Nb6 11. h5 Be7 12. Qg4 N8d7 13. g6 f5 14. Qg3 Nf8 15. h6 Bf6 16. hxg7 Bxg7 17. gxh7 Bf6 18. Rh6 Bxe4 19. Nxe4 fxe4 20. Nc6 Qc7 21. Rxf6 Nd5 22. Qg8 Nxf6 23. Qxh8 N6xh7 24. Nb4 Qb7 25. c3 0-0-0 26. Qd4 1-0

[Event "St Petersburg op"]
[Site "St Petersburg"]
[Date "1993.??.??"]
[Round "?"]
[White "Yezersky, Vladimir"]
[Black "Shipov, Sergei"]
[Result "0-1"]
[WhiteElo "2325"]
[BlackElo "2500"]
[PlyCount "110"]
[EventDate "1993.10.??"]
[EventType "swiss"]
[EventRounds "9"]
[EventCountry "RUS"]
[SourceTitle "TD"]
[Source "ChessBase"]
[SourceDate "1994.03.01"]
[SourceVersion "1"]
[SourceVersionDate "1994.03.01"]
[SourceQuality "1"]

1. d4 Nf6 2. c4 e6 3. Nc3 Bb4 4. a3 Bxc3+ 5. bxc3 c5 6. e3 Nc6 7. Bd3 0-0 8. Ne2 b6 9. e4 Ne8 10. e5 Ba6 11. Ng3 cxd4 12. cxd4 Nxd4 13. Bb2 Nf5 14. Nxf5 exf5 15. Bxf5 d6 16. Qd5 dxe5 17. Qxe5 Bxc4 18. Bxh7+ Kxh7 19. Qe4+ Kg8 20. Qxc4 Nd6 21. Qg4 Re8+ 22. Kf1 f6 23. Rd1 Qe7 24. h4 Rac8 25. Rh3 Rc2 26. Bd4 Nf5 27. Kg1 Qe2 28. Qxe2 Rexe2 29. Rf3 Nxh4 30. Rf4 Ng6 31. Rg4 Kf7 32. Rd3 Ne7 33. Be3 Rc7 34. Rgd4 Rec2 35. Rd1 Nf5 36. Rd7+ Ke6 37. Rd8 Nxe3 38. fxe3 Rc1 39. Kf2 Rxd1 40. Rxd1 Rc2+ 41. Kf3 Ra2 42. Rd3 b5 43. g4 a6 44. Rc3 Kd6 45. Ke4 a5 46. Rd3+ Kc6 47. Rc3+ Kb6 48. g5 fxg5 49. Ke5 b4 50. axb4 axb4 51. Rd3 Ra3 52. Rd6+ Kc5 53. Rd5+ Kc4 54. Rd4+ Kc3 55. Rd7 b3 0-1

[Event "Karvina op"]
[Site "Karvina"]
[Date "1992.??.??"]
[Round "9"]
[White "Socko, Monika"]
[Black "Yezersky, Vladimir"]
[Result "1/2-1/2"]
[WhiteElo "2195"]
[BlackElo "2340"]
[PlyCount "36"]
[EventDate "1992.??.??"]
[EventType "swiss"]
[EventRounds "9"]
[EventCountry "CZE"]
[SourceTitle "EXT 1997"]
[Source "ChessBase"]
[SourceDate "1996.11.15"]
[SourceVersion "1"]
[SourceVersionDate "1996.11.15"]
[SourceQuality "1"]

1. d4 Nf6 2. Nf3 g6 3. c4 Bg7 4. Nc3 0-0 5. e4 d6 6. Be2 e5 7. d5 a5 8. 0-0 Na6 9. Be3 Ng4 10. Bg5 f6 11. Bh4 Qe8 12. Nd2 f5 13. Bxg4 fxg4 14. Bg5 Bf6 15. Be3 Qe7 16. Nb3 b6 17. Qd2 Bd7 18. Rfb1 Nc5 1/2-1/2

[Event "Wisla BES op"]
[Site "Wisla"]
[Date "1992.??.??"]
[Round "4"]
[White "Yezersky, Vladimir"]
[Black "Chekhov, Valery A"]
[Result "0-1"]
[WhiteElo "2295"]
[BlackElo "2550"]
[PlyCount "76"]
[EventDate "1992.??.??"]
[EventType "swiss"]
[EventRounds "9"]
[EventCountry "POL"]
[SourceTitle "TD"]
[Source "ChessBase"]
[SourceDate "1994.03.01"]
[SourceVersion "1"]
[SourceVersionDate "1994.03.01"]
[SourceQuality "1"]

1. d4 Nf6 2. c4 g6 3. Nc3 Bg7 4. e4 d6 5. Nf3 0-0 6. Be2 e5 7. 0-0 Qe8 8. dxe5 dxe5 9. b3 Qd7 10. Ba3 Rd8 11. Qc2 Qe8 12. Rad1 Rxd1 13. Rxd1 Bg4 14. Nb5 Na6 15. Ne1 Bxe2 16. Qxe2 Rd8 17. Rd3 Bf8 18. Bxf8 Kxf8 19. Qe3 c6 20. Nd6 Qe7 21. Qh6+ Kg8 22. Nf5 gxf5 23. Rg3+ Ng4 24. exf5 f6 25. Rxg4+ Kh8 26. Rg6 Rd6 27. g4 Nc5 28. Nf3 Nd3 29. c5 Nxc5 30. Ng5 Rd1+ 31. Kg2 fxg5 32. f6 Qf7 33. Rxg5 Qd5+ 34. Kg3 Ne6 35. f7 Rd3+ 36. Kh4 Rh3+ 37. Kxh3 Qf3+ 38. Kh4 Qxf2+ 0-1

[Event "Karvina op"]
[Site "Karvina"]
[Date "1992.??.??"]
[Round "6"]
[White "Yezersky, Vladimir"]
[Black "Guliev, Sarhan"]
[Result "1/2-1/2"]
[WhiteElo "2340"]
[BlackElo "2470"]
[PlyCount "76"]
[EventDate "1992.??.??"]
[EventType "swiss"]
[EventRounds "9"]
[EventCountry "CZE"]
[SourceTitle "EXT 1997"]
[Source "ChessBase"]
[SourceDate "1996.11.15"]
[SourceVersion "1"]
[SourceVersionDate "1996.11.15"]
[SourceQuality "1"]

1. d4 f5 2. Nc3 Nf6 3. Bg5 d5 4. Bxf6 exf6 5. e3 Be6 6. Bd3 g6 7. Nf3 c6 8. Ne2 Nd7 9. Nf4 Bf7 10. h4 h5 11. Qc1 Nb6 12. b3 Bd6 13. 0-0 Qc7 14. c4 dxc4 15. bxc4 Bxf4 16. exf4 0-0 17. g3 Rfe8 18. a4 Nc8 19. a5 Nd6 20. Qc2 Rad8 21. Rfd1 Kg7 22. Qa4 Ne4 23. Ra3 Re7 24. Rb1 Be6 25. Rab3 Bc8 26. Bf1 c5 27. d5 Rd6 28. Qa3 Ra6 29. Rb5 b6 30. Qb2 Rxa5 31. Rxa5 bxa5 32. Ne1 Ba6 33. Ra1 Nd6 34. Qc3 Qb6 35. Nc2 Nb7 36. Ne3 Qb4 37. Qc2 Nd6 38. Qa2 Rb7 1/2-1/2

[Event "St Petersburg op"]
[Site "St Petersburg"]
[Date "1992.??.??"]
[Round "?"]
[White "Yezersky, Vladimir"]
[Black "Lugovoi, Aleksei"]
[Result "0-1"]
[WhiteElo "2295"]
[BlackElo "2315"]
[PlyCount "108"]
[EventDate "1992.??.??"]
[EventType "swiss"]
[EventRounds "9"]
[EventCountry "RUS"]
[SourceTitle "EXT 1997"]
[Source "ChessBase"]
[SourceDate "1996.11.15"]
[SourceVersion "1"]
[SourceVersionDate "1996.11.15"]
[SourceQuality "1"]

1. d4 Nf6 2. c4 e6 3. Nc3 Bb4 4. g3 Bxc3+ 5. bxc3 c5 6. e3 b6 7. Bd3 Nc6 8. Ne2 0-0 9. e4 Ne8 10. e5 Ba6 11. Qc2 h6 12. Be3 Rc8 13. 0-0 cxd4 14. cxd4 d5 15. exd6 Nxd6 16. c5 Bxd3 17. Qxd3 Nf5 18. Rfd1 bxc5 19. dxc5 Qa5 20. Rdc1 Rfd8 21. Qc3 Rd5 22. Rab1 Qxc3 23. Rxc3 Nxe3 24. fxe3 Ne5 25. Rbc1 Nd3 26. Rd1 Nf4 27. Re1 Nxe2+ 28. Rxe2 Rdxc5 29. Rd3 Rc2 30. Red2 g6 31. Kf2 Kg7 32. Kf3 Kf6 33. Ke4 R8c4+ 34. Kf3 a5 35. Rd7 Rc7 36. Rxc7 Rxc7 37. Rd4 Rc5 38. h4 g5 39. hxg5+ hxg5 40. Ke4 Ke7 41. g4 f5+ 42. Kf3 Kf6 43. gxf5 exf5 44. Rd6+ Ke5 45. Ra6 g4+ 46. Ke2 Ke4 47. Re6+ Kd5 48. Re8 Kc4 49. e4 f4 50. Rf8 f3+ 51. Ke3 Rg5 52. Rc8+ Kb4 53. Rc1 Ka3 54. Kf4 Kb2 0-1